| 000 | nam a22 7a 4500 | ||
|---|---|---|---|
| 999 |
_c329660 _d329660 |
||
| 003 | ASAB | ||
| 005 | 20170517115555.0 | ||
| 008 | 170517b xxu||||| |||| 00| 0 eng d | ||
| 020 | _a978-0-470-02711-0 | ||
| 040 | _cASAB | ||
| 082 | _a615.37 | ||
| 245 |
_aBioinformatics for vaccinology _cDarren R. Flower |
||
| 260 |
_aNew Delhi. _bWiley-Blackwell _cc2008 |
||
| 300 |
_a292 P. _c23 cm |
||
| 942 |
_2ddc _cBK |
||